Турски морски новели (Запис номер 188319)
[ съкратено ]
| 000 -Лидер | |
|---|---|
| Контролно поле с фиксирана дължина | 01299nam a2200301 c 4500 |
| 003 - Код на организацията, давaща контролен номер | |
| Контролно поле | BLK |
| 005 - Дата и час на последна редакция | |
| Контролно поле | 20221202084848.0 |
| 008 - Елементи от данни с фиксирана дължина | |
| fixed length control field | 180411b bul|||||r ||||||| ||bul|| |
| 010 ## - Наследен системен номер | |
| LC control number | KNG00197337000 |
| 040 ## - Източник на каталожния запис | |
| Идентификатор на билиотеката - собственик на записа | BLK |
| 041 ## - Код за език | |
| Код за езика на текст/звукозапис или на отделно заглавие | Български |
| Код за езика КДБФ | Български |
| 080 ## - УДК | |
| Текстов определител УДК | Турска литература |
| УДК код - определител по УДК | 821.512.161 |
| УДК определител | -32 |
| УДК - код + определител | 821.512.161-32 |
| 139 ## - Редно поле | |
| Редна дума | Турски морски новели |
| Авторски знак | Турл - Т 93 |
| 245 10 - Сведения за заглавието | |
| Заглавие | Турски морски новели |
| Подзаглавни данни | Сборник |
| Редно поле (дума) | състав. Ибрахим Тосун Татарлъ ; прев. от тур. Стефка Христова Първанова. |
| 257 ## - Страна на издаване | |
| Страна на създаване/издаване | Турция |
| 260 ## - Област на издателските данни | |
| Име на издателя, разпространителя и проч. | Георги Бакалов |
| Година на издаване | 1980 |
| Място на издаване, разпространение и проч. | Варна |
| 300 ## - Физическа характеристика | |
| Страници | 307 с. |
| Размери/Мащаб | 21 см |
| 380 ## - Жанр | |
| Жанр | Худож. лит. |
| 490 ## - СЕРИИ (Колекции) | |
| Име на серия | Поредица Световни морски новели |
| №: серия | кн. 17 |
| 9 (RLIN) | 205247 |
| 500 ## - Общи забележки | |
| Забележка | Съдържа и кратки биогр. данни за поместените в сб. авт. - 25 120 тир. |
| 700 1# - Други автори (авторска отговорност) | |
| Лично име | Татарлъ, Ибрахим Тосун |
| Автороска отговорност (Описва отношението между автора и произведението) | състав. |
| 9 (RLIN) | 371872 |
| 700 1# - Други автори (авторска отговорност) | |
| Лично име | Първанова, Стефка Христова |
| Автороска отговорност (Описва отношението между автора и произведението) | прев. от тур. |
| 9 (RLIN) | 384598 |
| 852 ## - Местоположение | |
| Форматна сигнатура | Цб 101988 |
| 856 4# - Електронен адрес и достъп | |
| Електронен формат | pdf - файл |
| Инструкция (цена за достъп) | 0.00 |
| Права за достъп | disable |
| 856 4# - Електронен адрес и достъп | |
| Електронен формат | pdf - файл |
| Инструкция (цена за достъп) | 0.00 |
| Права за достъп | disable |
| 999 ## - СИСТЕМНИ КОНТРОЛНИ НОМЕРА | |
| Koha biblionumber | 188319 |
| Koha biblioitemnumber | 188319 |
| 942 ## - АРТИКУЛИ | |
| Вид на библиотечния материал | Книги |
| Скрит в OPAC | Не |
| Koha issues (borrowed), all copies | 1 |
| Периодичен библиозапис | Да |
| 944 ## - СЪЗДАВАНЕ И РЕДАКЦИЯ на ЗАПИСА | |
| Създаване/Редакция | Създаване |
| Дата на регистрацията/редакция | 02.12.2016 |
| Служител, извършил регистрацията/редакцията | Севдалина_Василева |
| 944 ## - СЪЗДАВАНЕ И РЕДАКЦИЯ на ЗАПИСА | |
| Създаване/Редакция | Редакция |
| Дата на регистрацията/редакция | 2022-12-02 |
| Служител, извършил регистрацията/редакцията | ГГГ |
| Код за отписване | Код за изгубен артикул | Източник на класификационната схема | Код за повреда | Коз за рестрикции | Код за отдаване | Артикулен № | Име на библиотеката - собственик | Име на библиотеката, в която се намира в момента | Статус (Текущо местоположение) | Дата на вписване в системата | Местоположение - отдел | Цена в лева | Инвентарен номер | Систематично азбучна сигнатура | Баркод | Номер на екземпляра | Цена в евро | Служебна бележка | Служебен тип на артикула |
|---|---|---|---|---|---|---|---|---|---|---|---|---|---|---|---|---|---|---|---|
| Не е изгубен | Universal Decimal Classification | Не е повреден | без рестрикции | ползва се в читалня | 330073 | Регионална библиотека "Любен Каравелов" Русе | Регионална библиотека "Любен Каравелов" Русе | Хранилище | 1980-01-01 | Хранилище | 2.55 | 298158 | Цб 101988 | 120000298158 | 1 | 1.30 | Дост: Dp Вид: Д N: стар фонд Дата: 01.01.1980 | Книги | |
| Не е изгубен | Universal Decimal Classification | Не е повреден | без рестрикции | заемане за дома | 330074 | Регионална библиотека "Любен Каравелов" Русе | Регионална библиотека "Любен Каравелов" Русе | Заемна - подръчен фонд | 1980-01-01 | Заемна - подръчен фонд | 2.55 | 298798 | П 821-32/Т 93 | 120000298798 | 2 | 1.30 | Дост: Pk Вид: Ф N: стар фонд Дата: 01.01.1980 Дата инв: 08.02.2018 Бележки инв: П2018 | Книги | |
| Изтеглен | Не е изгубен | Universal Decimal Classification | Не е повреден | без рестрикции | заемане за дома | 330075 | Регионална библиотека "Любен Каравелов" Русе | Регионална библиотека "Любен Каравелов" Русе | Заемна - подръчен фонд | 1980-01-01 | Заемна - подръчен фонд | 2.55 | 298801 | П 894.35-32/Т 93 | 298801 | 3 | 1.30 | Дост: Pk Вид: Ф N: стар фонд Дата: 01.01.1980 | Книги |
| Изтеглен | Не е изгубен | Universal Decimal Classification | Не е повреден | без рестрикции | заемане за дома | 330076 | Регионална библиотека "Любен Каравелов" Русе | Регионална библиотека "Любен Каравелов" Русе | Заемна - подръчен фонд | 1980-01-01 | Заемна - подръчен фонд | 2.55 | 298804 | П 894.35-32/Т 93 | 298804 | 4 | 1.30 | Дост: Pk Вид: Ф N: стар фонд Дата: 01.01.1980 | Книги |